[Event "Kragero Sept op"]
[Site "Kragero"]
[Date "2020.09.04"]
[Round "2"]
[White "Andersen, Edvard"]
[Black "Haug, Dag Trygve"]
[Result "1-0"]
[WhiteElo "1527"]
[BlackElo "1309"]
[PlyCount "121"]
[EventDate "2020.09.04"]
[EventType "swiss"]
[EventRounds "6"]
[EventCountry "NOR"]
[SourceTitle "CBM 198 Extra"]
[Source "ChessBase"]
[SourceDate "2020.11.30"]
[SourceVersion "1"]
[SourceVersionDate "2020.11.30"]
[SourceQuality "1"]

1. e4 e5 2. Nf3 Nc6 3. Bb5 a6 4. Ba4 Nf6 5. c3 d6 6. d3 Be7 7. 0-0 0-0 8. h3 h6 9. Re1 b5 10. Bc2 b4 11. Ba4 Bd7 12. Bxc6 Bxc6 13. cxb4 Rb8 14. a3 d5 15. Nxe5 Qd6 16. Nxc6 Qxc6 17. exd5 Nxd5 18. Qf3 Bf6 19. Nc3 Bxc3 20. bxc3 Qxc3 21. Bxh6 Rbe8 22. Rec1 Qd4 23. Bd2 Re6 24. Re1 Rfe8 25. Rad1 Nc3 26. Rxe6 Rxe6 27. Bxc3 Qxc3 28. d4 Qxf3 29. gxf3 Rf6 30. Rd3 Kf8 31. Kh2 Ke7 32. Kg3 Ke6 33. Rc3 Kd6 34. Rc5 Rg6+ 35. Kf4 Rg2 36. Ke3 Rh2 37. Rh5 g6 38. Rh7 Ke6 39. a4 Rh1 40. Rh8 Rb1 41. Rb8 a5 42. b5 Rb4 43. Ke4 Rxa4 44. b6 cxb6 45. Rxb6+ Ke7 46. Ke5 Ra3 47. Rb7+ Kf8 48. f4 Rf3 49. d5 a4 50. d6 Ke8 51. Ra7 a3 52. Re7+ Kf8 53. Ra7 Rxf2 54. Ra8+ Kg7 55. d7 Re2+ 56. Kd6 Re6+ 57. Kc7 Re7 58. Rxa3 Kf8 59. Re3 Rxe3 60. d8Q+ Kg7 61. Qd4+ 1-0

[Event "Trondheim CC-ch B"]
[Site "Trondheim"]
[Date "2020.03.02"]
[Round "6"]
[White "Brurok, Magnus Bogen"]
[Black "Andersen, Edvard"]
[Result "1/2-1/2"]
[WhiteElo "1451"]
[BlackElo "1494"]
[PlyCount "171"]
[EventDate "2020.01.20"]
[EventType "tourn"]
[EventRounds "9"]
[EventCountry "NOR"]
[SourceTitle "EXT 2024"]
[Source "ChessBase"]
[SourceDate "2023.10.10"]
[SourceVersion "1"]
[SourceVersionDate "2023.10.10"]
[SourceQuality "1"]

1. d4 d5 2. Bf4 e6 3. e3 Nf6 4. Nf3 c5 5. c3 cxd4 6. exd4 Bd6 7. Bg3 Bxg3 8. hxg3 0-0 9. Bd3 Nc6 10. Ng5 Ne7 11. Bxh7+ Nxh7 12. Qh5 Re8 13. Qxh7+ Kf8 14. Qh5 Ng6 15. Nxe6+ fxe6 16. Qxg6 Ke7 17. Qxg7+ Kd6 18. Qe5+ Kc6 19. Rh7 b5 20. Nd2 Re7 21. Qf6 Kd6 22. Rxe7 Qxe7 23. Qxe7+ Kxe7 24. f4 Kf6 25. Kf2 Kf5 26. Rh1 Bd7 27. Nf3 Rc8 28. Rh5+ Kf6 29. Ne5 Be8 30. Rg5 b4 31. Ke2 bxc3 32. bxc3 Rxc3 33. Kd2 Ra3 34. Ng4+ Kf7 35. Ne3 Rxa2+ 36. Kc3 Ra3+ 37. Kd2 a5 38. Rh5 a4 39. Rh7+ Kf6 40. Rb7 Bg6 41. g4 Rd3+ 42. Ke2 Be4 43. g5+ Kg6 44. Re7 Rxd4 45. Rxe6+ Kf7 46. f5 a3 47. g6+ Kf8 48. Rb6 a2 49. Rb8+ Kg7 50. Ra8 Bb1 51. Ra7+ Kg8 52. f6 Bxg6 53. Rxa2 Kf7 54. Ra5 Kxf6 55. Nxd5+ Kg7 56. Ke3 Rd1 57. Kf4 Bf7 58. Ne3 Rb1 59. Nf5+ Kf6 60. Ra6+ Be6 61. Nh6 Rb4+ 62. Kg3 Rb3+ 63. Kh4 Rb4+ 64. g4 Rc4 65. Ng8+ Kg7 66. Rxe6 Kxg8 67. Kg5 Kg7 68. Re7+ Kg8 69. Kh5 Rc1 70. g5 Rc5 71. Kh6 Rc6+ 72. g6 Rc8 73. Rg7+ Kh8 74. Rf7 Kg8 75. Ra7 Rd8 76. Kg5 Rd1 77. Ra5 Rg1+ 78. Kf5 Rf1+ 79. Kg5 Rg1+ 80. Kf6 Rf1+ 81. Rf5 Ra1 82. Re5 Rf1+ 83. Ke6 Rg1 84. Rf5 Rxg6+ 85. Rf6 Rxf6+ 86. Kxf6 1/2-1/2

[Event "Trondheim Brokstads Memorial"]
[Site "Trondheim"]
[Date "2019.11.22"]
[Round "1"]
[White "Andersen, Edvard"]
[Black "Dale, Svein"]
[Result "0-1"]
[WhiteElo "1315"]
[BlackElo "1787"]
[PlyCount "42"]
[EventDate "2019.11.22"]
[EventType "swiss"]
[EventRounds "7"]
[EventCountry "NOR"]
[SourceTitle "EXT 2021"]
[Source "ChessBase"]
[SourceDate "2020.10.23"]
[SourceVersion "1"]
[SourceVersionDate "2020.10.23"]
[SourceQuality "1"]

1. e4 c6 2. Nf3 d5 3. d3 dxe4 4. dxe4 Qxd1+ 5. Kxd1 Bg4 6. Be2 Nd7 7. Nc3 0-0-0 8. Be3 Kb8 9. Kc1 e6 10. Rd1 Be7 11. Rd2 Ngf6 12. Kd1 Nc5 13. Ng5 Bxe2+ 14. Kxe2 Rxd2+ 15. Bxd2 Rf8 16. e5 Ng4 17. Nxh7 Rh8 18. Ng5 Rxh2 19. Nxf7 Rxg2 20. Kf3 Rxf2+ 21. Kxg4 Rxd2 0-1